Normal view
MARC view
Entry Topical Term
001 - CONTROL NUMBER
- control field: 252383
003 - CONTROL NUMBER IDENTIFIER
- control field: OSt
005 - DATE AND TIME OF LATEST TRANSACTION
- control field: 20260123135522.0
008 - FIXED-LENGTH DATA ELEMENTS
- fixed length control field: 260123|| aca||aabn | a|a d
040 ## - CATALOGING SOURCE
- Original cataloging agency: OSt
- Transcribing agency: OSt
150 ## - HEADING--TOPICAL TERM
- Topical term or geographic name entry element: Building an integrated financial statements model
670 ## - SOURCE DATA FOUND
- Source citation: Work cat.: (OSt)197208: Fairhurst, Danielle Stein. 252380, Financial modeling in excel :, 2017.